000 00394nam a22001457a 4500
008 230626b xxu||||| |||| 00| 0 eng d
082 _a331
_bBUT
100 _cFlorence Butegwa
245 _aParticipation and Development in Eastern and Southern Africa
260 _cjanuary 1990
300 _a330p
600 _cJean rutabanzibwa-Ngazia
700 _cMpanjilwa P. Mulwanda
942 _2ddc
_cBK
999 _c2600
_d2600